000 01056nam a2200265Ia 4500
003 OSt
005 20220923211520.0
006 a|||||r|||| 00| 0
007 ta
008 220922b |||||||| |||| 00| 0 san d
020 _a9789380651712 (hbk)
_c550
024 _a324,879
037 _b505, 11/01/2018, Vidyanidhi Prakashan
_cTextual
040 _aARTS
_cARTS
_bsan
041 _2san
_asan
082 _aR66,5x1,1, 152Q7
100 _aमिश्र, घनश्याम, ले.
245 0 _aप्रस्थानत्रयीशाšरभाष्य में व्याकरण-विमर्श
246 _aPrasthānatrayīshāšrabhāṣhya mean vyākaraṇa-vimarsha
260 _aदिल्ली
_b विद्यानिधि प्रकाशन
_c2017
300 _a195पृ0
_ccm.
650 _aदर्शनशास्त्र
942 _hR66,5x1,1, 152Q7
_cTEXL
_2CC
999 _c300312
_d300312